| 000 | 00830cam a2200265 i 4500 | ||
|---|---|---|---|
| 999 |
_c7346 _d7346 |
||
| 001 | 21983955 | ||
| 003 | OSt | ||
| 005 | 20210504123634.0 | ||
| 008 | 210322s2021 sp b 000 0 cat d | ||
| 020 | _a9788413032375 | ||
| 040 |
_aSP-BaPL _beng _erda _cSP-BaPL _dDLC |
||
| 042 | _alccopycat | ||
| 043 | _ae-sp--- | ||
| 100 | 1 |
_aCanosa Farran, Francesc, _d1975- _eautor |
|
| 240 | 1 | 0 | _aImperialisme dolç |
| 245 | 1 | 2 |
_aL'or dolç a la pell de brau : _bel somni real de la Califòrnia catalana / _cFrancesc Canosa Farran. |
| 250 | _aPrimera edició. | ||
| 264 | 1 |
_aLleida : _bPagès Editors, _cfebrer de 2021. |
|
| 300 |
_a199 pàgines ; _c21 cm |
||
| 336 |
_atext _2rdacontent |
||
| 337 |
_ano mediat _2rdamedia |
||
| 338 |
_avolum _2rdacarrier |
||
| 504 | _aInclou referències bibliogràfiques: p. 191-195. | ||
| 942 |
_2udc _cMON |
||